LEADER 01267nam 2200385 450 001 990000848870203316 010 $a88-204-3329-X 035 $a0084887 035 $aUSA010084887 035 $a(ALEPH)000084887USA01 035 $a0084887 100 $a20020107d1989----km-y0itay0103----ba 101 $aita 102 $aIT 105 $a||||||||001yy 200 1 $a<> resistenza tedesca 1933-1945$fa cura di Claudio Natoli$gsaggi di M. Broszat...et al. 210 $aMilano$cF. Angeli$d1989 215 $a275 p$d22 cm 225 2 $aStudi e ricerche storiche$v133 300 $aContiene i testi delle conferenze tenute a Roma nel 1987, in occasione dell amostra documentaria e fotografica "La Resistenza in Germania 1933-1945" 410 $12001$aStudi e ricerche storiche$v133 606 0 $aGermania$xStoria$y1933-1945 676 $a943.086 702 1$aNATOLI,$bClaudio 702 1$aBROSZAT,$bClaudio 801 0$aIT$bsalbc$gISBD 912 $a990000848870203316 951 $aCOLL. EKU 133$b845 G$cCOLL. EKU 959 $aBK 969 $aGIU 979 $aPATTY$b90$c20020107$lUSA01$h1629 979 $c20020403$lUSA01$h1730 979 $aPATRY$b90$c20040406$lUSA01$h1658 996 $aResistenza tedesca, 1933-1945$9745162 997 $aUNISA LEADER 01446nam1 2200397 450 001 990003564330203316 005 20110914101007.0 035 $a000356433 035 $aUSA01000356433 035 $a(ALEPH)000356433USA01 035 $a000356433 100 $a20110914d--------km-y0itay50------ba 101 $afre 102 $aFR 105 $a||||||||001yy 200 1 $a<> evolution des genres dans l'histoire de la littérature$elecons professees a l'ecole normale superieure$fpar Ferdinand Brunetiere 210 $aParis$cLibr. Hachette 215 $av.$d25 cm 225 $aBibliothéque variée$iÉtudes sur les littératures française et etrangères 410 0$12001$aBibliothéque variée$iÉtudes sur les littératures française et etrangères 454 1$12001 461 1$1001-------$12001 463 \1$1001990003564360203316$12001 $a<> : <> evolution de la critique depuis la renaissance jusqu'a nos jours$eintroduction 606 0 $aCritica letteraria francese$xStoria 676 $a801 700 1$aBRUNETIÈRE,$bFerdinand$0388549 801 0$aIT$bsalbc$gISBD 912 $a990003564330203316 951 $aII.4.B.$bDIPSUM 959 $aBK 969 $aDSLL 979 $aDSLL$b90$c20110914$lUSA01$h1000 979 $aDSLL$b90$c20110914$lUSA01$h1009 979 $aDSLL$b90$c20110914$lUSA01$h1010 996 $aÉvolution des genres dans l'histoire de la littérature$9313043 997 $aUNISA